000 01120nam a2200313 a 4500
001
003 DO-SdBNP
005 20210525112813.0
008 130708s2020 dr 000 p spa d
020 _a9789945503791
040 _aBPMSU
_bspa
_cBPMSU
082 _aRD861.5
_bR758b 2020
_222
100 1 _a Román Féliz, Rafael
_d1987-
245 1 0 _aBrevedad del infinito :
_b(una incursión de Thomas Dylan) /
_cRafael Román Féliz
260 _aSanto Domingo :
_bEditora Nacional,
_c2020
300 _a86 p. ;
_c24 cm.
490 0 _aPoesía,
500 _aIncluye datos biográficos del autor en la solapa de la cubierta
500 _aJurado : Ofelia Berrido, Carmen Comprés y Juan Freddy Armando
586 _aPremio Joven de Poesía (Feria del Libro 2019)
590 _aInventariado, 2021/VM
650 4 _aCertámenes literarios
_zRepública Dominicana
650 4 _aPoesía dominicana
650 4 _aLiteratura dominicana
710 2 _aMinisterio de Cultura (República Dominicana)
711 2 _aPremio Joven de Poesía Feria del Libro
_d(2019 :
_cSanto Domingo)
910 _aVMateo
942 _2ddc
_cBK
999 _c13528
_d13528